书目信息 |
| 题名: |
农业环境污染事故诊断技术指南
|
|
| 作者: | 李玉浸 主编 | |
| 分册: | ||
| 出版信息: | 北京 化学工业出版社 2009.01 |
|
| 页数: | 232页 | |
| 开本: | 20cm | |
| 丛书名: | ||
| 单 册: | ||
| 中图分类: | X322-62 | |
| 科图分类: | ||
| 主题词: | 环境规划 , 环境管理 , 环境堡规划 | |
| 电子资源: | ||
| ISBN: | 978-7-122-03411-3 | |
| 000 | 00653nam0 2200241 45 | |
| 001 | 0932983226 | |
| 005 | 20091012091114.67 | |
| 010 | @a978-7-122-03411-3@dCNY48.00 | |
| 100 | @a20090515d2009 ekmy0 y0120 ea | |
| 102 | @aCN@b130000 | |
| 102 | @aCN@b110000 | |
| 105 | @ay z 000yy | |
| 200 | 1 | @a农业环境污染事故诊断技术指南@f李玉浸等主编@Fli yu jin deng zhu bian |
| 210 | @a北京@c化学工业出版社@d2009.01 | |
| 215 | @a232页@d20cm | |
| 606 | 0 | @a环境规划 |
| 606 | 0 | @a环境管理 |
| 606 | 0 | @a环境堡规划 |
| 690 | @aX322-62@v4 | |
| 701 | 0 | @a李玉浸@Ali yu jin@4主编 |
| 801 | 0 | @aCN@c20091012 |
| 905 | @a10447@dX322-62@eL320 | |
| 906 | @d48@n3@r1 | |
| 农业环境污染事故诊断技术指南/李玉浸等主编.-北京:化学工业出版社,2009.01 |
| 232页;20cm |
| ISBN 978-7-122-03411-3:CNY48.00 |
| ● |
| 相关链接 |
|
|
|
正题名:农业环境污染事故诊断技术指南
索取号:X322-62/L320
 
预约/预借
| 序号 | 登录号 | 条形码 | 馆藏地/架位号 | 状态 | 备注 |
| 1 | 890669 | 208906692 | 自科库501/501自科库 66排4列3层/ [索取号:X322-62/L320] | 在馆 | |
| 2 | 890670 | 208906709 | 自科库501/501自科库 66排6列3层/ [索取号:X322-62/L320] | 在馆 | |
| 3 | 890671 | 208906718 | 自科库501/501自科库 66排6列3层/ [索取号:X322-62/L320] | 在馆 |